000 00282nam a22001337a 4500
008 170208b xxu||||| |||| 00| 0 eng d
020 _a9780805048032
041 _aeng
080 _a61
100 _a4
101 _aSHM
245 _aMEDICINE & CULTURE
_cPAYER, L
942 _2udc
_cBK
999 _c4992
_d4992